LEADER 01417nam a2200313 a 4500 001 000000123833 003 CaOOAMICUS 005 20101129094117.0 008 101129t1982 it fa u000 u ita r 040 $aPUL$bita 082 04$a270.092 100 1 $aVanti, Mario,$cM.I.$0(OLS)http://pul/name/21373 245 10$aS. Camillo de Lellis e i suoi Ministri degli Infermi /$cMario Vanti ; con presentazione di S. Em. il Card. Giuseppe Siri. 250 $a4. ed. con XXIX tavole fuori testo. 260 $aRoma :$bCuria Generalizia Camilliani,$c1982. 300 $aXVI, 444 p., XXIX p. di tav. :$bill., c. geogr. ;$c25 cm 500 $aInclude indice. 504 $aBibliografia in nota. 600 04$aCamillus de Lellis,$cs.,$d1550-1614.$0(OLS)http://pul/subject/4145 700 1 $aSiri, Giuseppe,$ccard.,$d1906-1989.$0(OLS)http://pul/name/2870 850 $aPUL 852 $aPUL$W1$xDP2 Religione 3$y114$m270. 092 VANMA 1$j142659$qDDC 21$B141625$CPULBib$Z2$F141625 $H115197 $82 941 1 $a9 960 $aCamillo de Lellis,$cs.,$d1550-1614? $94145 960 $aDe Lellis, Camillo,$cM.I.,$d1550-1614? $94145 996 $6082$a270.092$9(OLS)http://pul/classification/509 996 $6245$aS. Camillo de Lellis e i suoi Ministri degli Infermi$9(OLS)http://pul/title/156094 996 $6260$aRoma :$bCuria Generalizia Camilliani$9(OLS)http://pul/publisher/81497 LEADER 01496namaa2200373 i 4500 001 000000178316 003 CaOOAMICUS 005 20251217144248.0 007 tu 008 251217s2025 it 000 u ita r 020 $a978-88-288-7575-8* 040 $aPUL$bita$erda 082 0 $a347.24 100 1 $aBiavati, Paolo,$d1953-,$eautore.$0(OLS)http://pul/name/39380 245 10$aDiritto processuale dell'Unione europea /$cPaolo Biavati, Carlo Rasia. 250 $a6. ed. 264 4$c©2025. 264 1$aMilano :$bLefebvre Giuffrè,$c[2025] 300 $aXV, 474 pagine ;$c24 cm 336 $atesto$btxt$2rdacontent 337 $asenza mediazione$bn$2rdamedia 338 $avolume$bnc$2rdacarrier 504 $aBibliografia in nota a piè pagina. 650 4$aDiritto processuale$zEuropa.$0(OLS)http://pul/subject/22649 700 1 $aRasia, Carlo,$d1977-,$eautore.$0(OLS)http://pul/name/114736 850 $aPUL 852 $aPUL$W1$xSL Diritto e Scienze Sociali 3$y79$m347. 24 BIAPA 1$j202160$qDDC 21$B207418$CPULBib$Z2$F207418 $H138295 $82 941 1 $a9 996 $6020$a978-88-288-7575-8*$9(OLS)http://pul/number/170738 996 $6082$a347.24$9(OLS)http://pul/classification/3643 996 $6245$aDiritto processuale dell'Unione europea$9(OLS)http://pul/title/219888 996 $6264$aMilano :$bLefebvre Giuffrè$9(OLS)http://pul/publisher/87700 996 $6264$a[S.l.] :$b[s.n.]$9(OLS)http://pul/publisher/0